书目信息 |
| 题名: |
大美吉水
|
|
| 作者: | 谭五昌 主编 | |
| 分册: | ||
| 出版信息: | 北京 中国文史出版社 2022.05 |
|
| 页数: | 367页 | |
| 开本: | 24cm | |
| 丛书名: | ||
| 单 册: | ||
| 中图分类: | I227.1 | |
| 科图分类: | ||
| 主题词: | 新诗--xin shi--诗集--中国--当代 | |
| 电子资源: | ||
| ISBN: | 978-7-5205-3513-7 | |
| 000 | 00908nam0 2200217 450 | |
| 001 | 011025153710 | |
| 005 | 20221025153710.0 | |
| 010 | @a978-7-5205-3513-7@dCNY68.00 | |
| 100 | @a20201004d2022 em y0chiy0120 ea | |
| 101 | 0 | @achi |
| 102 | @aCN@b110000 | |
| 105 | @ay z 000gy | |
| 106 | @ar | |
| 200 | 1 | @a大美吉水@Ada mei ji shui@e第二届杨万里诗歌奖全国大赛获奖作品选@f谭五昌主编 |
| 210 | @a北京@c中国文史出版社@d2022.05 | |
| 215 | @a367页@d24cm | |
| 330 | @a本书收入梁晓明、谢克强、安海茵、李立、萨仁图娅、陈群洲、毕福堂、曾若水、陈颉等第二届杨万里诗歌奖全国大赛获奖诗人及入围诗人的作品,勾勒出一代忠良、文坛巨匠、南宋大诗人杨万里的不朽形象,讴歌杨万里诗歌“诚斋体”的丰硕成就、忧国忧民的气节情操、崇高的人格品质以及清廉为民的为官之道。 | |
| 606 | 0 | @a新诗@Axin shi@x诗集@y中国@z当代 |
| 690 | @aI227.1@v5 | |
| 701 | 0 | @a谭五昌@Atan wu chang@f(1968-)@4主编 |
| 905 | @a河南城建学院图书馆@dI227.1@eT1301 | |
| 大美吉水:第二届杨万里诗歌奖全国大赛获奖作品选/谭五昌主编.-北京:中国文史出版社,2022.05 |
| 367页;24cm |
| ISBN 978-7-5205-3513-7:CNY68.00 |
| 本书收入梁晓明、谢克强、安海茵、李立、萨仁图娅、陈群洲、毕福堂、曾若水、陈颉等第二届杨万里诗歌奖全国大赛获奖诗人及入围诗人的作品,勾勒出一代忠良、文坛巨匠、南宋大诗人杨万里的不朽形象,讴歌杨万里诗歌“诚斋体”的丰硕成就、忧国忧民的气节情操、崇高的人格品质以及清廉为民的为官之道。 |
| ● |
| 相关链接 |
|
|
|
正题名:大美吉水
索取号:I227.1/T1301
 
预约/预借
| 序号 | 登录号 | 条形码 | 馆藏地/架位号 | 状态 | 备注 |
| 1 | 1589154 | 215891541 | 文学库108/108文学库 19排2列2层/ [索取号:I227.1/T1301] | 在馆 | |
| 2 | 1589155 | 215891550 | 文学库108/108文学库 19排2列2层/ [索取号:I227.1/T1301] | 在馆 |